00404nam a2200121Ia 4500008004100000245014300041260001700184260000900201300000800210650002300218650001200241856002900253170516s9999 xx 000 0 und d aProton MR Spectroscopy and Diffusion MR Imaging Monitoring to Predict Tumor Response to Interstitial Photodynamic Therapy for Glioblastoma bTheranostics c2017 a7:2 xMedical Technology xMedtech uhttp://www.thno.org/v7i2